[Event "Irkutsk Region-ch6 (Women)"]
[Site "Irkutsk"]
[Date "2016.11.25"]
[Round "7.5"]
[White "Borisova, Natalia"]
[Black "Kiseleva, Alina"]
[Result "0-1"]
[WhiteElo "1810"]
[BlackElo "1381"]
[PlyCount "65"]
[EventDate "2016.11.19"]
[EventType "swiss"]
[EventRounds "8"]
[EventCountry "RUS"]
[SourceTitle "EXT 2022"]
[Source "ChessBase"]
[SourceDate "2021.10.06"]
[SourceVersion "1"]
[SourceVersionDate "2021.10.06"]
[SourceQuality "1"]

1. e4 e5 2. Nf3 Nc6 3. Bc4 Nf6 4. 0-0 Be7 5. d4 exd4 6. e5 Ng4 7. Re1 0-0 8. h3 Nh6 9. Bxh6 gxh6 10. Nxd4 Nxd4 11. Qxd4 d6 12. Nc3 dxe5 13. Qxe5 Bd6 14. Qe3 Qg5 15. Rad1 Qxe3 16. Rxe3 Bf5 17. Bb3 Rfe8 18. Rf3 Bg6 19. Nd5 Kg7 20. g4 Re4 21. Nxc7 Bxc7 22. Rd7 Rf4 23. Rxf4 Bxf4 24. Rxb7 h5 25. Rb4 Bc7 26. Bd5 Rb8 27. Rc4 Bb6 28. h4 Rd8 29. gxh5 Rxd5 30. hxg6 hxg6 31. a4 Rd4 32. Rxd4 Bxd4 33. Kg2 0-1

[Event "Irkutsk Region-ch6 (Women)"]
[Site "Irkutsk"]
[Date "2016.11.23"]
[Round "5.6"]
[White "Borisova, Natalia"]
[Black "Mineeva, Lyubov"]
[Result "1-0"]
[WhiteElo "1810"]
[BlackElo "1362"]
[PlyCount "87"]
[EventDate "2016.11.19"]
[EventType "swiss"]
[EventRounds "8"]
[EventCountry "RUS"]
[SourceTitle "EXT 2022"]
[Source "ChessBase"]
[SourceDate "2021.10.06"]
[SourceVersion "1"]
[SourceVersionDate "2021.10.06"]
[SourceQuality "1"]

1. e4 c5 2. c3 Nc6 3. d4 cxd4 4. cxd4 e6 5. a3 d5 6. e5 Be7 7. Qg4 g6 8. Bb5 Bd7 9. Bxc6 Bxc6 10. Nf3 Bb5 11. Nc3 Bd3 12. h4 h6 13. Qf4 Rc8 14. Rh3 f6 15. Kd2 g5 16. hxg5 hxg5 17. Rxh8 gxf4 18. Rxg8+ Bf8 19. Kxd3 Kf7 20. Rg4 f5 21. Rxf4 Bh6 22. Rh4 Bxc1 23. Rxc1 Kg6 24. Rch1 Kf7 25. Rh7+ Ke8 26. Rh8+ Kd7 27. Rxd8+ Rxd8 28. Rh6 Rg8 29. g3 a6 30. Na4 Re8 31. Nc5+ Kc7 32. Rxe6 Rh8 33. Re7+ Kc6 34. Rxb7 Rh1 35. e6 Rd1+ 36. Nd2 Re1 37. Rf7 Rh1 38. f4 Kd6 39. Ke3 Rg1 40. Kf2 Rd1 41. Ke2 Rg1 42. Rg7 Rg2+ 43. Kd3 a5 44. e7 1-0

[Event "Irkutsk Region-ch6 (Women)"]
[Site "Irkutsk"]
[Date "2016.11.22"]
[Round "4.2"]
[White "Grekhneva, Yana"]
[Black "Borisova, Natalia"]
[Result "1-0"]
[WhiteElo "1934"]
[BlackElo "1810"]
[PlyCount "57"]
[EventDate "2016.11.19"]
[EventType "swiss"]
[EventRounds "8"]
[EventCountry "RUS"]
[SourceTitle "EXT 2022"]
[Source "ChessBase"]
[SourceDate "2021.10.06"]
[SourceVersion "1"]
[SourceVersionDate "2021.10.06"]
[SourceQuality "1"]

1. d4 d5 2. c4 e6 3. Nc3 c5 4. cxd5 exd5 5. Nf3 Nc6 6. g3 Bg4 7. Bg2 cxd4 8. Nxd4 Bb4 9. 0-0 Bxc3 10. bxc3 Nge7 11. Nxc6 bxc6 12. Qd4 h5 13. Qxg7 Rg8 14. Qe5 Rg6 15. h3 Be6 16. Qxh5 Kd7 17. Rb1 Rc8 18. Bf4 Qg8 19. e4 Ke8 20. Bd6 Rd8 21. Bxe7 Kxe7 22. exd5 cxd5 23. Rb7+ Kd6 24. Qh4 Rd7 25. Rfb1 Rxb7 26. Rxb7 Qc8 27. Qb4+ Kc6 28. c4 Qxb7 29. cxd5+ 1-0

[Event "Irkutsk Babje Leto op (Women)"]
[Site "Irkutsk"]
[Date "2013.10.13"]
[Round "9"]
[White "Borisova, Natalia"]
[Black "Grekhneva, Natalja"]
[Result "0-1"]
[WhiteElo "1826"]
[BlackElo "1749"]
[PlyCount "82"]
[EventDate "2013.09.21"]
[EventType "swiss"]
[EventRounds "9"]
[EventCountry "RUS"]
[SourceTitle "EXT 2016"]
[Source "ChessBase"]
[SourceDate "2015.10.08"]
[SourceVersion "1"]
[SourceVersionDate "2015.10.08"]
[SourceQuality "1"]

1. e4 c5 2. Nf3 Nc6 3. d4 cxd4 4. Nxd4 e6 5. Be3 Nf6 6. f3 Nxe4 7. fxe4 Qh4+ 8. g3 Qxe4 9. Qf3 Qe5 10. Qf4 Qa5+ 11. Bd2 Qb6 12. Nb5 e5 13. Be3 Qxb5 14. Qxf7+ Kxf7 15. Bxb5 d5 16. 0-0+ Kg6 17. c3 Bh3 18. Rf2 Be7 19. Nd2 e4 20. Bf4 Bc5 21. Be2 Bxf2+ 22. Kxf2 h5 23. c4 Nd4 24. cxd5 Nxe2 25. Kxe2 Rad8 26. d6 Kf5 27. Nc4 b5 28. Ne3+ Ke6 29. g4 hxg4 30. Nc2 Rhf8 31. Ke3 a6 32. Kxe4 Bg2+ 33. Ke3 g5 34. Bg3 Rf3+ 35. Ke2 Kd7 36. Rg1 Re8+ 37. Kd2 Bh3 38. Nb4 a5 39. Nd3 Rf1 40. Rxf1 Bxf1 41. Kc3 Re3 0-1

[Event "Irkutsk Babje Leto op (Women)"]
[Site "Irkutsk"]
[Date "2013.10.06"]
[Round "7"]
[White "Orshonova, Anna"]
[Black "Borisova, Natalia"]
[Result "0-1"]
[WhiteElo "1916"]
[BlackElo "1826"]
[PlyCount "126"]
[EventDate "2013.09.21"]
[EventType "swiss"]
[EventRounds "9"]
[EventCountry "RUS"]
[SourceTitle "EXT 2016"]
[Source "ChessBase"]
[SourceDate "2015.10.08"]
[SourceVersion "1"]
[SourceVersionDate "2015.10.08"]
[SourceQuality "1"]

1. d4 d5 2. c4 e6 3. Nf3 c5 4. cxd5 exd5 5. Nc3 Nc6 6. g3 cxd4 7. Nxd4 Bc5 8. Nxc6 bxc6 9. Bg2 Nf6 10. 0-0 0-0 11. Qc2 Ba6 12. Rd1 Re8 13. e3 Rc8 14. b3 Ng4 15. Bb2 Rxe3 16. Na4 Bb6 17. Nxb6 Qxb6 18. Bd4 Re2 19. Qf5 c5 20. Qxg4 cxd4 21. Bf1 Re4 22. Qf5 Rd8 23. Bg2 g6 24. Qg5 Be2 25. Bxe4 dxe4 26. Rd2 d3 27. Re1 Bf3 28. Rc1 Re8 29. Qe3 Qe6 30. Qh6 f6 31. Rc7 Re7 32. Rxe7 Qxe7 33. Qf4 g5 34. Qf5 Qc7 35. Qe6+ Kg7 36. Qc4 Qd7 37. Qc1 Qh3 38. Qf1 Qxf1+ 39. Kxf1 Kg6 40. a4 Kf5 41. b4 Ke5 42. b5 Kd5 43. Ke1 f5 44. a5 Kc5 45. Rb2 f4 46. gxf4 gxf4 47. Kd2 Kd4 48. Rb4+ Kc5 49. Rb1 Kd4 50. Re1 Bg4 51. b6 axb6 52. axb6 Bc8 53. h3 Bb7 54. Ra1 e3+ 55. fxe3+ fxe3+ 56. Ke1 Kc3 57. h4 Bf3 58. Ra3+ Kc2 59. Ra2+ Kc1 60. Ra1+ Kb2 61. Rd1 Kc2 62. Ra1 d2+ 63. Kf1 d1Q+ 0-1

[Event "Irkutsk Region-ch (Women)"]
[Site "Irkutsk"]
[Date "2012.12.05"]
[Round "6"]
[White "Kochukova, Galina"]
[Black "Borisova, Natalia"]
[Result "1/2-1/2"]
[WhiteElo "1667"]
[BlackElo "1822"]
[PlyCount "93"]
[EventDate "2012.11.30"]
[EventType "swiss"]
[EventRounds "9"]
[EventCountry "RUS"]
[SourceTitle "EXT 2022"]
[Source "ChessBase"]
[SourceDate "2021.10.06"]
[SourceVersion "1"]
[SourceVersionDate "2021.10.06"]
[SourceQuality "1"]

1. Nf3 d5 2. c4 Nf6 3. b3 Bf5 4. Bb2 e6 5. g3 c5 6. d3 Nc6 7. a3 Be7 8. Bg2 Qb6 9. Nbd2 a5 10. Rb1 Rd8 11. 0-0 d4 12. Nh4 Bg4 13. Nhf3 Qc7 14. Ng5 h6 15. Nge4 Qe5 16. Nxf6+ Bxf6 17. Nf3 Qh5 18. Re1 Qf5 19. Bc1 h5 20. Bd2 h4 21. Qc1 hxg3 22. fxg3 Ne5 23. Bxa5 Ra8 24. Bd2 Bxf3 25. Bxf3 Qh3 26. Kf2 Qxh2+ 27. Bg2 Ng4+ 28. Kf3 Qh5 29. Rh1 Qf5+ 30. Bf4 Ke7 31. Bh3 Rxh3 32. Rxh3 g5 33. Rh5 Qg6 34. Rxg5 Bxg5 35. Bxg5+ f6 36. Bh4 Ne3 37. Kf2 Qf5+ 38. Ke1 Qf1+ 39. Kd2 Qxc1+ 40. Kxc1 Rxa3 41. Kb2 Ra8 42. Kc1 Ra2 43. Rb2 Ra3 44. Kb1 Nd1 45. Rd2 Ne3 46. Kb2 Ra8 47. b4 1/2-1/2

[Event "Irkutsk Region-ch (Women)"]
[Site "Irkutsk"]
[Date "2011.12.14"]
[Round "5"]
[White "Amosova, Dariya"]
[Black "Borisova, Natalia"]
[Result "1-0"]
[WhiteElo "1587"]
[BlackElo "1819"]
[PlyCount "103"]
[EventDate "2011.12.10"]
[EventType "swiss"]
[EventRounds "9"]
[EventCountry "RUS"]
[SourceTitle "EXT 2022"]
[Source "ChessBase"]
[SourceDate "2021.10.06"]
[SourceVersion "1"]
[SourceVersionDate "2021.10.06"]
[SourceQuality "1"]

1. d4 d5 2. c4 e6 3. Nc3 c5 4. cxd5 exd5 5. Nf3 Nc6 6. g3 Bf5 7. a3 Be4 8. dxc5 Bxc5 9. Bg2 Nf6 10. 0-0 Qc7 11. Bf4 Qb6 12. Na4 Qb5 13. Nxc5 Qxc5 14. Qb3 b5 15. Rac1 Qb6 16. Qc3 d4 17. Qc5 Qxc5 18. Rxc5 a6 19. Nd2 Bxg2 20. Kxg2 Kd7 21. Rfc1 Rac8 22. Nf3 Rhe8 23. Ne5+ Nxe5 24. Rxc8 Rxc8 25. Rxc8 Kxc8 26. Bxe5 d3 27. exd3 Ne8 28. Kf3 Kd7 29. Bc3 Ke6 30. Ke4 f6 31. Bb4 f5+ 32. Kd4 Nf6 33. f3 Nd7 34. f4 Nb6 35. Kc5 Na4+ 36. Kc6 Nxb2 37. d4 Nc4 38. d5+ Kf7 39. d6 Ke8 40. Kc7 Nxd6 41. Bxd6 a5 42. Kb6 b4 43. a4 b3 44. Be5 g6 45. Kxa5 Kd7 46. Kb6 Ke6 47. a5 g5 48. a6 h5 49. a7 h4 50. a8Q hxg3 51. hxg3 gxf4 52. gxf4 1-0

[Event "Irkutsk Region-ch (Women)"]
[Site "Irkutsk"]
[Date "2011.12.12"]
[Round "3"]
[White "Borisova, Natalia"]
[Black "Trapeznikova, Darya"]
[Result "1-0"]
[WhiteElo "1819"]
[BlackElo "2096"]
[PlyCount "99"]
[EventDate "2011.12.10"]
[EventType "swiss"]
[EventRounds "9"]
[EventCountry "RUS"]
[SourceTitle "EXT 2022"]
[Source "ChessBase"]
[SourceDate "2021.10.06"]
[SourceVersion "1"]
[SourceVersionDate "2021.10.06"]
[SourceQuality "1"]

1. e4 d6 2. d4 g6 3. Nc3 Bg7 4. Nf3 c6 5. Bc4 Nf6 6. 0-0 b5 7. Bb3 b4 8. Na4 Nxe4 9. Qe1 d5 10. Qxb4 Na6 11. Qe1 Nc7 12. c4 Ba6 13. Qe2 0-0 14. Rd1 Nd6 15. Ne5 Ne6 16. Nc5 Nxc5 17. Nxc6 Qe8 18. Nxe7+ Kh8 19. dxc5 Nc8 20. Nxg6+ hxg6 21. Qxe8 Rxe8 22. cxd5 Rd8 23. Bg5 f6 24. Bf4 Ne7 25. Bc7 Rdc8 26. d6 Nc6 27. Be6 Rf8 28. Bd5 Bb7 29. b4 f5 30. Rab1 Nd8 31. b5 Bxd5 32. Rxd5 Ne6 33. Ba5 Bd4 34. c6 Bb6 35. Bc3+ Kg8 36. a4 a5 37. bxa6 Rxa6 38. a5 Nf4 39. Rdb5 Ne2+ 40. Kf1 Nxc3 41. Rxb6 Rxa5 42. Rc1 Nd5 43. Rb7 Raa8 44. c7 Nf6 45. Re1 Rf7 46. Rb8+ Rf8 47. Rxf8+ Kxf8 48. Rb1 Nd7 49. Re1 Re8 50. Rxe8+ 1-0